01883nam a2200241Ia 4500001000400000008004100004010000800045041001400053082002100067245010200088260002200190300000700212520000700219630001300226630002800239630003000267630002100297630002200318650001700340700004000357700004600397520119800443653241029s9999 xx 000 0 und d a591 aEspañol aTPG MMM-08 2010  0aEstrategia didáctica para el desarrollo de la habilidad de interpretar problemas matemáticos. aDistrito Nacional a72 a18 aDiseño aEnseñanza-Aprendizaje aEstrategia de Aprendizaje aInterpretación aProceso Educativo aMatemática easesoraMontes de Oca Recio , Nancy eautoraEspinal Jiménez , Miguel Antonio aDebido a las insuficiencias para interpretar problemas matemáticos en los estudiantes del Nivel Medio, se ha considerado pertinente la búsqueda de alternativas metodológicas que eleven la calidad de la enseñanza y, del mismo modo, posibiliten el desarrollo de habilidades en el proceso docente-educativo de la Matemática.  En correspondencia con ello, en este trabajo de investigación se propone el diseño de una estrategia didáctica para el desarrollo de la habilidad interpretar problemas matemáticos. Se realiza una valoración del proceso docente-educativo de la Matemática en la República Dominicana. El desarrollo de habilidades y la interpretación de problemas matemáticos como habilidad necesaria en el proceso, considerando los aportes de diversos autores sobre el desarrollo de habilidades y la interpretación de problemas matemáticos. Además, de que se exponen los presupuestos teóricos en que se sustenta la estrategia y se realiza una validación de la misma a través de una consulta a especialistas.Se recomienda elaborar materiales metodológicos, para la preparación de los maestros en los cursos de formación y superación docente.